Meilleurs passeurs de l'équipe de France - Statistiques

Statistiques générales
  • Ce quiz a été pris 81 fois
  • Le résultat moyen est 9 sur 15
Statistiques - réponses
Nombre de passe décisives Nom du joueur % Correct
25 Zidane
99%
30 Griezmann
96%
27 Henry
93%
34 Mbappé
93%
17 Benzema
78%
20 Platini
78%
17 Ribéry
63%
12 Deschamps
55%
20 Djorkaeff
55%
14 Pires
44%
13 Valbuena
42%
12 Vieira
38%
18 Wiltord
38%
12 Sagnol
22%
20 Kopaszewski
1%
Aucun quiz correspondant
Distribution des résultats
% des personnes avec chaque résultat
Percentile par nombre de réponses
Votre historique - résultats
Vous n’avez pas pris ce quiz